000 00991 a2200289 4500
005 20210601175711.0
008 210211b1979 ohu||||| |||| 00| 0 eng d
040 _aNLI
_beng
_cForeign Officials Division
041 0 _aeng
044 _aohu
082 0 4 _223rd ed.
_aUS 628.50973
_bUn 31(V.1/1979)
100 1 _6880-01
110 _aUnited States.
_bEnvironmental Protection Agency
_9222
245 _aManaging small water systems : a cost study
_6880-02
260 _bMunicipal Environmental Research Laboratory ;
_c1979
_aOhio :
300 _axviii,198p.:
_bill. ;
_c28 cm.
490 _aEnvironmental Protection Technology ;
_v9
500 _aContract no.68-03-2071
650 0 _aWater-supply engineering
_xCosts.
_91340
650 0 _aWater-supply
_xCosts.
_zUnited States
_91341
650 0 _aWater-supply
_xCosts.
_91342
700 1 _6880-03
_4jt. ed.
_aStevie, Richard G.,
_91343
880 1 _6100-01
887 _asubrata271170
942 _2ddc
_cBKS
999 _c875
_d875